| 000 | 00716nam a2200253 a 4500 | ||
|---|---|---|---|
| 001 | 60841 | ||
| 003 | BD-RjUL | ||
| 005 | 20211209080905.0 | ||
| 008 | 170103m19951979ii a 001 0 eng d | ||
| 035 | _a(BD-RjUL)60965 | ||
| 040 |
_aBD-RjUL _beng _cBD-RjUL _dBD-RjUL |
||
| 041 | _aeng | ||
| 082 |
_a658.15 _223 _bPAF 1995 |
||
| 100 |
_aPandey, I. M. _9174779 |
||
| 245 | 1 | 0 |
_aFinancial management / _cI. M. Pandey |
| 250 | _a7th ed. | ||
| 260 |
_aNew Delhi : _bVikas Publishing, _c1995 [Printing 1979, 1998 ] |
||
| 300 |
_axx, 1082 p. : _bill. ; _c24 cm. |
||
| 500 | _aIncludes index | ||
| 650 |
_aFinance. _9173578 |
||
| 650 |
_aBusiness. _9175150 |
||
| 650 |
_aFinances. _9181343 |
||
| 942 |
_2ddc _cBK |
||
| 999 |
_c60841 _d60841 |
||